000
00326nam a2200133Ia 4500
005
20251222175932.0
008
251222s9999||||xx |||||||||||||| ||spa||
020
_a
9788499036014
082
_a
345.460.5/T48
245
0
_a
Ley de Enjuiciamiento Criminal:
250
_a
15a .ed.
264
_b
Editorial Aranzandi
942
_c
LIB
999
_c
41062
_d
41062